000 00777nam a2200277 i 4500
001 bgj
100 1 _aDICKENS, Charles
_d(1812-1870)
245 1 0 _aA Tale of two Cities /
_cCharles Dickens.
260 _aLondon :
_bPenguin Books,
_c1994.
300 _a367 pp ;
_c18 cm.
490 1 _aPenguin Popular Classics ;
_v15
650 9 _aFrench
_zEngland
_zLondon
650 9 _aExecutions and executioners
650 9 _aFathers and daughters
650 9 _aLookalikes
650 9 _aHistorical Fiction
651 9 _aFrance
_xHistory
_xRevolution, 1789-1799
655 _aFiction
830 _aPenguin Popular Classics ;
020 _a0140620788
040 _cBPK
041 0 _aeng
920 _a0-14-062078-8
942 _cKS
008 s uk f |000 0 eng
999 _c49102
_d49102
856 _uhttp://koha.tu.koszalin.pl/cgi-bin/koha/opac-detail.pl?biblionumber=49102
_yKatalog online BPK